00753nam a2200193 a 450000100100000000500170001000800410002702000150006804000250008308200150010810000390012324501180016226000930028030000350037349000240040850000730043250400280050583000260053300004508820201002045852.0150202s1985 mx a 000 0 spa d a9688374466 aDO-SdBNPbspacBNPHU axxxxbxxxx1 aCamarillo Carbajal, María Teresa13aLa represión a la prensa en América Latina :bhemerografía, 1978-1982 /cMaría Teresa Camarillo Carbajal. aMéxico :bUniversidad Nacional Autónoma de México,bImprenta Universitaria,c1985. axxxii, 143 p. :bil. ;c21 cm.1 aArchivo presentev1 aIncluye referencias bibliográficas y notas al pie de las páginas aBibliografía : p. 145 0aArchivo presente ;n1